• 首页
  • 本馆介绍
  • 公告通知
  • 最新文献
  • 馆藏检索
  • 电子资源
  • 读者导购
  • 参考咨询
  • 我的图书馆
  • 登录
  • 详细信息显示
  • 放入我的书架
  • 预约/预借图书
  • 作者相关作品
  • 分类相关作品
  • 丛书相关作品
  • 出版社相关作品

书目信息

  • 表格格式
  • 工作单格式
  • 卡片格式
题名:
休闲潜水
    
 
作者: 徐伟刚 主编
分册:  
出版信息: 上海   上海科学普及出版社  2008
页数: 15,234页
开本: 21cm
丛书名:
单 册:
中图分类: G861.5
科图分类:
主题词: 潜水运动--基本知识 , 潜水运动
电子资源:
ISBN: 978-7-5427-3938-4
000 00981nam0 2200265 45
001 1132070109
005 20110314091337.46
010    @a978-7-5427-3938-4@dCNY33.00
100    @a20110121d2008 em y0chiy50 ea
101 0  @achi
102    @aCN@b310000
105    @aa z 000yy
106    @ar
200 1  @a休闲潜水@AXiu Xian Qian Shui@dRecreational diving@f徐伟刚主编@FXu Wei Gang Zhu Bian@zeng
210    @a上海@c上海科学普及出版社@d2008
215    @a15,234页@c图@d21cm
300    @a上海市科学技术协会“晨光计划”资助出版
330    @a本书围绕水肺潜水在运动娱乐领域的应用,以“安全潜水”为主题,介绍了参与潜水运动需要了解的知识,包括水下物理学和潜水生理学的基本知识、潜水者的身体条件、潜水装具的性能及使用、基本的潜水技巧等。
510 1  @aRecreational diving@zeng
606 0  @a潜水运动@x基本知识
606 0  @a潜水运动
690    @aG861.5@v4
701  0 @a徐伟刚@AXu Wei Gang@c(潜水医学)@4主编
801  0 @aCN@bTANGWEI@c20110314
905    @b0532285-88@dG861.5@e68@f4
    
    休闲潜水=Recreational diving/徐伟刚主编.-上海:上海科学普及出版社,2008
    15,234页:图;21cm
    上海市科学技术协会“晨光计划”资助出版
    
    ISBN 978-7-5427-3938-4:CNY33.00
    本书围绕水肺潜水在运动娱乐领域的应用,以“安全潜水”为主题,介绍了参与潜水运动需要了解的知识,包括水下物理学和潜水生理学的基本知识、潜水者的身体条件、潜水装具的性能及使用、基本的潜水技巧等。
●
相关链接 在E读中查询图书 在五车中查询图书 在当当中查询图书 在豆瓣中查询图书


正题名:休闲潜水     索取号:G861.5/68         预约/预借

序号 登录号 条形码 馆藏地/架位号 状态 备注
1 0532285   205322854   第一样本阅览室/ [索取号:G861.5/68] 在馆    
2 0532286   205322863   密集书库-体育系/ [索取号:G861.5/68] 在馆    
3 0532287   205322872   第四借阅区/ [索取号:G861.5/68] 在馆    
4 0532288   205322881   第四借阅区/ [索取号:G861.5/68] 在馆    
唐山师范学院图书馆 欢迎您!
大连网信软件有限公司© 版权所有